| 000 | 00893nam a2200241 i 4500 | ||
|---|---|---|---|
| 001 | 6974 | ||
| 003 | ES-MaACL | ||
| 005 | 20240521124625.0 | ||
| 007 | t| | ||
| 008 | 900719s1990 sp ||||1| spa d | ||
| 020 | _a84-00-07021-6 | ||
| 080 | _a86.09-1"19" | ||
| 100 | 1 |
_aAlvar, Manuel, _d1923-2001 _920583 |
|
| 245 | 1 | 0 |
_aSimbolos y mitos / _cManuel Alvar. |
| 260 |
_aMadrid : _bConsejo Superior de Investigaciones Cientificas, Instituto de Filologia, _c1990. |
||
| 300 |
_aXV, 426 p. ; _c24 cm. |
||
| 490 | 1 |
_aBiblioteca de filología hispánica ; _v1 |
|
| 650 | 4 |
_aLiteratura española- _xHistoria y crítica _914560 |
|
| 710 | 2 |
_aInstituto de Filología (Consejo Superior de Investigaciones Científicas) ( _cMadrid) _94944 |
|
| 830 | 0 |
_aBiblioteca de filología hispánica ; _v1 _9180616 |
|
| 852 |
_aES-MaACL _jL-14257 _bR.118160 _z. - rust. |
||
| 999 |
_c6974 _d6974 |
||